000 01789ngm a22004094i 4500
001 991061308203206706
003 ES-BaIT
005 20260413135508.0
008 250403s2023 gw ||| |-|||||q|| vleng|c
024 1 _a814337016166
028 4 0 _a808708
_bUnitel
040 _aES-BaIT
_bcat
_erda
_cES-BaIT
080 _a793.4(086.8)
130 0 _aCoppél-I.A. (Coreografia)
_9169252
245 1 0 _aCoppél-I.A. /
_cLes Ballets de Montecarlo ; choreography Jean-Christophe Maillot ; original music and arrangement of Léo Delibes score by Bertrand Maillot
264 1 _aBerlin:
_bUnitel,
_c2023
300 _a1 videodisc (81 min):
_bcolor, so ;
_c19 cm +
_e1 fullet (19 pàgines)
336 _aimatge en moviment bidimensional
_btdi
_2rdacontent
337 _avídeo
_bv
_2rdamedia
338 _avideodisc
_bvd
_2rdacarrier
344 _adigital
_bòptic
_gestèreo
_hDTS 5.1
_2rda
346 _bNTSC
347 _afitxer vídeo
_bDVD vídeo
_etotes les regions
_2rda
500 _aFormat de pantalla (16:9)
511 1 _aRepartiment: Lou Beyne (Coppél-I.A.), Màtej Urban (Coppélius), Anna Blackwell (Swanilda), Simone Tribuna (Frantz), Mimoza Koike (Swanilda's mother), Lennart Radtke (Lennart)
518 _aEnregistrat en viu al Grimaldi Forum - Salles de Princes de Montecarlo, Mónaco l'any 2022
546 _aFullet amb fitxa artística i sinopsi en anglès i alemany
650 0 4 _aDansa clàssica
_xCoreografies
_956589
655 4 _aDansa filmada
_9168293
700 _aDelibes, Léo,
_d1836-1891
_ecompositor
_9136774
700 1 _aMaillot, Jean-Christophe
_ecoreògraf
_9120616
700 1 _aMaillot, Bertrand
_earranjador de música,
_ecompositor
_9128501
710 2 _aBallets de Monte-Carlo
_eballarí
_9120617
908 _aCDMAE
940 _aCDMAE
942 _2udc
_c5
999 _c137368
_d137368